Fluency instruction : (Record no. 17504)

000 -LEADER
fixed length control field 01694cam a22002534a 4500
020 ## - INTERNATIONAL STANDARD BOOK NUMBER
ISBN 9781462504305 (pbk.)
020 ## - INTERNATIONAL STANDARD BOOK NUMBER
ISBN 9781462504411 (hardcover)
040 ## - CATALOGING SOURCE
Transcribing agency DLC
082 00 - DEWEY DECIMAL CLASSIFICATION NUMBER
Classification number 372 GUI 2012 A116 Or.
245 00 - TITLE STATEMENT
Title Fluency instruction :
Remainder of title research-based best practices /
250 ## - EDITION STATEMENT
Edition statement 2nd ed.
260 ## - PUBLICATION, DISTRIBUTION, ETC. (IMPRINT)
Place of publication New York :
Name of publisher The Guilford Press,
Year of publication c2012.
300 ## - PHYSICAL DESCRIPTION
Number of Pages xvii, 334 p. :
Other physical details ill. ;
Dimensions 24 cm.
520 ## - SUMMARY, ETC.
Summary, etc "Subject Areas/Keywords: assessments, decoding, elementary, English language learners, fluency, literacy instruction, oral reading, primary grades, prosody, reading comprehension, reading expressiveness, reading methods, secondary, struggling readers Description: This accessible guide brings together well-known authorities to examine what reading fluency is and how it can best be taught. Teachers get a clear, practical roadmap for navigating the often confusing terrain of this crucial aspect of balanced literacy instruction. Innovative approaches to instruction and assessment are described and illustrated with vivid examples from K-12 classrooms. The book debunks common misconceptions about fluency and clarifies its key role in comprehension. Effective practices are presented for developing fluency in specific populations, including English language learners, adolescents, and struggling readers"--
650 #0 - SUBJECT ADDED ENTRY--TOPICAL TERM
Topical Term Reading.
650 #0 - SUBJECT ADDED ENTRY--TOPICAL TERM
Topical Term Reading
650 #7 - SUBJECT ADDED ENTRY--TOPICAL TERM
Topical Term LANGUAGE ARTS & DISCIPLINES / Literacy.
650 #7 - SUBJECT ADDED ENTRY--TOPICAL TERM
Topical Term EDUCATION / Teaching Methods & Materials / Reading & Phonics.
650 #7 - SUBJECT ADDED ENTRY--TOPICAL TERM
Topical Term LANGUAGE ARTS & DISCIPLINES / Reading Skills.
700 1# - ADDED ENTRY--PERSONAL NAME
Personal name Rasinski, Timothy V.
700 1# - ADDED ENTRY--PERSONAL NAME
Personal name Blachowicz, Camille L. Z.
700 1# - ADDED ENTRY--PERSONAL NAME
Personal name Lems, Kristin.
942 ## - ADDED ENTRY ELEMENTS (KOHA)
Koha item type ADB
952 ## - LOCATION AND ITEM INFORMATION (KOHA)
Withdrawn status [LOCAL, KOHA] 0
952 ## - LOCATION AND ITEM INFORMATION (KOHA)
Withdrawn status [LOCAL, KOHA] 0
Holdings
Permanent Location Date acquired Koha item type Lost status Shelving location Barcode Current Location Full call number
Library Block A2018-12-04សៀវភៅភាសាអង់គ្លេស A116A36497Library Block A372 GUI 2012 A116 Or.
Library Block A2018-12-04សៀវភៅភាសាអង់គ្លេស A116A38041Library Block A372 GUI 2012 A116 Or.
មជ្ឈមណ្ឌលឯការនៃសាកលវិទ្យាល័យភូមិន្ទកសិកម្មចំការដូង

Powered by Koha